00815 2200217 4500001002100000005001700021008004100038035002400079090002000103110005200123245018400175260007400359300002100433500002600454650005200480850002100532980001400553985000600567986000900573999001500582YOGYA-0209000004348420090227030137.0 ind  0010-020900000043484 a352bYog BlYOG aYOGYAKARTA (Daerah Istimewa). Pemerintah Daerah aBuku inventarisasi peraturan perundangan bidang pemerintahan daerah tingkat I propinsi Daerah Istimewa Yogyakartacdisusun oleh Biro Bina Pemerintahan Daerah Setwilda Propinsi DIY aYogyakartabBiro Bina Pemerintahan Daerah Setwilda Propinsi DIYc1992 a... jilidc32 cm aYang diterima : jl. 5 aPemerintah daerah - Yogyakarta - Peraturan, dsb aYOPDYOG [TRM 29] a13-9-2007 a1 aRuni a07A0026162